Handbook of Research on Entrepreneurship Policy

Guardado en:
Detalles Bibliográficos
Otros Autores: Audretsch, David B., Grilo, Isabel, Thurik, A. Roy
Formato: Libro
Lenguaje:inglés
Publicado: Cheltenham Edward Elgar Publishing 2007
Materias:
Etiquetas: Agregar Etiqueta
Sin Etiquetas, Sea el primero en etiquetar este registro!

MARC

LEADER 00000nam a2200000 4500
001 0279808
005 20240416113605.0
020 |a 978-1-84542-409-1 
041 0 |a eng 
044 |a GB 
245 1 0 |a Handbook of Research on Entrepreneurship Policy  |c editors: David B. Audretsch, Isabel Grilo, A. Roy Thurik 
264 1 |a Cheltenham  |b Edward Elgar Publishing  |c 2007 
300 |a 241 s. 
610 2 0 |a politika podnikania 
610 2 0 |a podnikanie malé 
610 2 0 |a podnikanie stredné 
610 2 0 |a politika verejná 
610 2 0 |a inovácia 
610 2 0 |a start-up 
610 2 0 |a vláda 
610 2 0 |a firmy 
700 1 |a Audretsch, David B. 
700 1 |a Grilo, Isabel 
700 1 |a Thurik, A. Roy